Životné jubileum Františka Kočiša

Bibliographic Details
Main Authors: Krasnovská, Elena, 1943-2018 (Author), Hladký, Juraj, 1975- (Author)
Format: Article
Language:Slovak
ISSN:0037-6981
Subjects:
Online Access:http://www.juls.savba.sk/sr/2008/4/sr2008-4.pdf

MARC

LEADER 00000nab a2200000 a 4500
001 vtls009475668
003 SK-MaSNL
005 20260303184700.0
008 140513c2008 xo ||||||h| ||00 b|slo
015 |a SNBRB2009/02  |2 snkbucl 
038 |a SNKBUCL 
040 |a SNKBUCL  |b slo  |c SNKBUCL  |e AACR2 
041 0 |a slo 
044 |a xo  |c SK 
080 |a 81-051  |2 2001 
080 |a 811.162.4-051  |2 2001 
080 |a 929 Kočiš, František  |2 2001 
080 |a 37-051  |2 2001 
100 1 |a Krasnovská, Elena,  |d 1943-2018  |4 aut  |9 212245 
245 1 0 |a Životné jubileum Františka Kočiša  |c Elena Krasnovská, Juraj Hladký 
600 1 7 |a Kočiš, František,  |d 1928-2013  |2 SNKMA  |9 213250 
651 7 |a Klčovo (Slovensko)  |x rodáci  |2 snkbucl  |9 1215050 
655 7 |a profily  |2 snkbucl  |9 341977 
700 1 |a Hladký, Juraj,  |d 1975-  |4 aut  |9 231371 
773 0 |t Slovenská reč  |g Roč. 73, č. 4 (2008), s. 243-244  |x 0037-6981 
852 |a SNK  |b KIS3GCP 
856 4 1 |u http://www.juls.savba.sk/sr/2008/4/sr2008-4.pdf 
958 |a BX 
999 |c 2127643  |d 2129573